000 00423 a2200145 4500
999 _c6746
_d6746
020 _a9780140512045
050 _aPE 1591 KIR 1987
100 _aKirkpatrick, Betty
_eeditor
245 _aRoget's thesaurus of English words and phrases /
_cBetty Kirkpatrick
264 _aLondon :
_bPenguin Books,
_c1987
300 _a1086p.;
500 _aNo index
650 _aWords and phrases
_xEnglish
942 _2lcc
_cBK
_h1591
_iKIR
_k1987